000 00948nam0a22002651 4500
001 rc\3015028
005 20260406100147.0
035 _a(NLR Aleph) 007157374
090 _a7213905
_c7213905
100 _a20110925d1942 u y0rusy50 ca
101 0 _arus
102 _aRU
105 _aa z |||||
200 1 _aПодвиг деда Матвея
_e[Стихи]
_fРис. Д. Шавыкина
210 _aАлма-Ата
_cпроизвод.-творческое объединение художников "КазИЗО"
_d1942
215 _a[8] с.
_cил.
_d21 см
700 1 _7ca
_8rus
_aЗабила
_bН. Л.
_f1903-1985
_gНаталья Львовна
_3RU\NLR\AUTH\7775032
_957960
702 1 _aШавыкин
_bД.
_4440
801 0 _aRU
_bNLR
_gpsbo
801 1 _aRU
_bELAR
_2rusmarc
852 _aNLR
_jДл02 Г-4/2090
942 _cBOOK
945 _aРоссийская национальная библиотека
980 _aNB
980 _aBV